[Event "16MCR_F"]
[Site "?"]
[Date "2004.??.??"]
[Round "?"]
[White "Canibal, Jaromir"]
[Black "Straka, Zdenek"]
[Result "0-1"]
[WhiteElo "2300"]
[BlackElo "2395"]
[PlyCount "72"]
[EventDate "2004.04.27"]
[EventType "corr"]
[EventRounds "1"]
[SourceDate "2004.04.27"]

1. d4 Nf6 2. c4 e6 3. Nc3 Bb4 4. Qc2 O-O 5. a3 Bxc3+ 6. Qxc3 b6 7. Bg5 Bb7 8.
f3 h6 9. Bh4 d5 10. e3 c5 11. dxc5 bxc5 12. cxd5 Bxd5 13. Bf2 Nbd7 14. Nh3 Rb8
15. b4 cxb4 16. axb4 Qe7 17. e4 Rfc8 18. Qa3 Rxb4 19. Bd3 Nc5 20. exd5 exd5+
21. Kf1 Rb3 22. Bxc5 Rxa3 23. Bxa3 Qe5 24. Rd1 Qc3 25. Bd6 a5 26. Nf2 a4 27. g3
a3 28. Kg2 a2 29. Ra1 Qb2 30. Rhd1 g5 31. h4 Rc6 32. hxg5 hxg5 33. Be7 g4 34.
Re1 gxf3+ 35. Kxf3 Kg7 36. Bf5 Rc3+ 0-1

[Event "16MCR_F"]
[Site "?"]
[Date "2004.??.??"]
[Round "?"]
[White "Viktora, Zdenek"]
[Black "Trexler, Evzen"]
[Result "0-1"]
[WhiteElo "2285"]
[BlackElo "2400"]
[PlyCount "134"]
[EventDate "2004.04.27"]
[EventType "corr"]
[EventRounds "1"]
[SourceDate "2004.04.27"]

1. e4 c5 2. Nf3 d6 3. d4 cxd4 4. Nxd4 Nf6 5. Nc3 a6 6. Bg5 e6 7. Bd3 Be7 8. Be3
b5 9. a3 Bb7 10. O-O Nbd7 11. f4 Qc7 12. Qf3 O-O 13. Rac1 Nc5 14. b4 Ncd7 15.
Nb1 Nb6 16. Nd2 Nc4 17. Bxc4 bxc4 18. c3 a5 19. b5 a4 20. Ra1 Qd7 21. Bf2 Nxe4
22. Nxe4 f5 23. Nc6 fxe4 24. Qxe4 Bf6 25. f5 exf5 26. Qxc4+ d5 27. Rad1 dxc4
28. Rxd7 Rf7 29. Rd5 Bxc3 30. Bd4 Bd2 31. Rdxf5 Rd7 32. Bc5 g6 33. R5f2 Re8 34.
Rf8+ Rxf8 35. Rxf8+ Kg7 36. Re8 c3 37. Nd4 Rd5 38. Re7+ Kh6 39. Rxb7 Rxc5 40.
Nc2 Rd5 41. h4 Bf4 42. Kf2 Rd2+ 43. Kf3 Rxc2 44. Kxf4 Rxg2 45. Rc7 Rb2 46. Rxc3
Rxb5 47. Rc4 Kh5 48. Rxa4 Kxh4 49. Kf3+ Kh3 50. Ra6 Rb3+ 51. Kf2 Rg3 52. a4 h5
53. Rc6 g5 54. Rc1 Rg2+ 55. Ke3 g4 56. Rh1+ Rh2 57. Rf1 Ra2 58. Rh1+ Kg2 59.
Rxh5 Rxa4 60. Rg5 g3 61. Rg7 Ra8 62. Rg6 Re8+ 63. Kd3 Kf2 64. Rf6+ Kg1 65. Rh6
g2 66. Ra6 Rh8 67. Rg6 Kh2 0-1

[Event "16MCR_F"]
[Site "?"]
[Date "2004.??.??"]
[Round "?"]
[White "Mezera, Lukas"]
[Black "Hala, Martin"]
[Result "1/2-1/2"]
[WhiteElo "2260"]
[BlackElo "2410"]
[PlyCount "29"]
[EventDate "2004.04.27"]
[EventType "corr"]
[EventRounds "1"]
[SourceDate "2004.04.27"]

1. e4 e5 2. Nf3 Nc6 3. Bb5 f5 4. Nc3 fxe4 5. Nxe4 d5 6. Nxe5 dxe4 7. Nxc6 Qg5
8. Qe2 Nf6 9. f4 Qxf4 10. Nxa7+ Bd7 11. Bxd7+ Kxd7 12. Qb5+ Ke6 13. Qb3+ Kd7
14. Qb5+ Ke6 15. Qb3+ 1/2-1/2

[Event "16MCR_F"]
[Site "?"]
[Date "2004.??.??"]
[Round "?"]
[White "Pospisil, Ludvik"]
[Black "Dotlacil, Ladislav"]
[Result "1/2-1/2"]
[WhiteElo "2445"]
[BlackElo "2410"]
[PlyCount "73"]
[EventDate "2004.04.27"]
[EventType "corr"]
[EventRounds "1"]
[SourceDate "2004.04.27"]

1. e4 c6 2. d4 d5 3. exd5 cxd5 4. c3 Nf6 5. Bf4 Nc6 6. Nf3 Bf5 7. Qb3 Qc8 8.
Ne5 a6 9. Be2 e6 10. g4 Bg6 11. Nd2 Nxe5 12. Bxe5 Nd7 13. Bf4 Qc6 14. O-O Bd6
15. Bxd6 Qxd6 16. c4 O-O 17. c5 Qf4 18. Qe3 Qc7 19. f4 Rfe8 20. b4 Qd8 21. Nf3
f6 22. Rae1 Nb8 23. Bd3 Bxd3 24. Qxd3 Nc6 25. a3 Qd7 26. g5 Qf7 27. Re3 Re7 28.
gxf6 Qxf6 29. Ne5 g6 30. Nxc6 bxc6 31. Re5 Rf8 32. Kg2 Qh4 33. Qg3 Qh6 34. Rg5
Ref7 35. h4 Rf5 36. Qe1 Kf7 37. Kg3 1/2-1/2

[Event "16MCR_F"]
[Site "?"]
[Date "2004.??.??"]
[Round "?"]
[White "Boukal, Petr"]
[Black "Hybl, Jaroslav"]
[Result "1/2-1/2"]
[WhiteElo "2435"]
[BlackElo "2430"]
[PlyCount "44"]
[EventDate "2004.04.27"]
[EventType "corr"]
[EventRounds "1"]
[SourceDate "2004.04.27"]

1. e4 c5 2. Nf3 d6 3. Bb5+ Bd7 4. Bxd7+ Qxd7 5. O-O Nc6 6. c3 Nf6 7. Qe2 e6 8.
d3 Be7 9. Bg5 h6 10. Be3 O-O 11. h3 d5 12. e5 Nh7 13. d4 cxd4 14. cxd4 Rfc8 15.
Nc3 Na5 16. Ne1 Bb4 17. Nd1 Bxe1 18. Rxe1 Nf8 19. Nc3 Nc4 20. Rac1 Rc7 21. b3
Nxe3 22. Qxe3 Rac8 1/2-1/2

[Event "16MCR_F"]
[Site "?"]
[Date "2004.??.??"]
[Round "?"]
[White "Dotlacil, Ladislav"]
[Black "Boukal, Petr"]
[Result "1/2-1/2"]
[WhiteElo "2410"]
[BlackElo "2435"]
[PlyCount "82"]
[EventDate "2004.04.27"]
[EventType "corr"]
[EventRounds "1"]
[SourceDate "2004.04.27"]

1. d4 Nf6 2. Nf3 g6 3. c4 Bg7 4. Nc3 O-O 5. e4 d6 6. Be2 e5 7. d5 a5 8. Bg5 h6
9. Bh4 Na6 10. Nd2 Qe8 11. b3 Bd7 12. a3 Nh7 13. O-O h5 14. f3 Bh6 15. Kh1 Be3
16. Rb1 Bc5 17. Qc1 f5 18. exf5 gxf5 19. Bf2 Qg6 20. Bxc5 Nxc5 21. b4 axb4 22.
axb4 Na4 23. f4 Nf6 24. fxe5 dxe5 25. Nf3 Ng4 26. Nxa4 Rxa4 27. h3 f4 28. Qb2
Ne3 29. Rg1 Bf5 30. Nxe5 Qg7 31. Bd3 Bxd3 32. Nxd3 Qxb2 33. Rxb2 Nxc4 34. Rf2
Ne3 35. Rxf4 Rxf4 36. Nxf4 Rxb4 37. g3 Rd4 38. Rc1 h4 39. Ne6 Rxd5 40. Nxc7 Rd2
41. gxh4 Nf5 1/2-1/2

[Event "16MCR_F"]
[Site "?"]
[Date "2004.??.??"]
[Round "?"]
[White "Hala, Martin"]
[Black "Pospisil, Ludvik"]
[Result "1/2-1/2"]
[WhiteElo "2410"]
[BlackElo "2445"]
[PlyCount "75"]
[EventDate "2004.04.27"]
[EventType "corr"]
[EventRounds "1"]
[SourceDate "2004.04.27"]

1. e4 e5 2. Nf3 d6 3. d4 exd4 4. Nxd4 Nf6 5. Nc3 Be7 6. Qf3 O-O 7. Nf5 Bxf5 8.
Qxf5 Qd7 9. Qf3 Nc6 10. Be3 Ng4 11. O-O-O f5 12. exf5 Qxf5 13. Bc4+ Kh8 14. Nd5
Qxf3 15. gxf3 Rxf3 16. Nxc7 Rc8 17. Be6 Nxe3 18. Bxc8 Nxd1 19. Bxb7 Rxf2 20.
Rxd1 Ne5 21. Nb5 Rxh2 22. Nxa7 Nc4 23. Re1 Bg5+ 24. Kb1 Ne3 25. Nb5 g6 26. Nd4
Bf6 27. Re2 Rxe2 28. Nxe2 g5 29. a4 Bd8 30. Kc1 h5 31. Kd2 Nc4+ 32. Kc3 Ne5 33.
Kd4 Kg7 34. b4 h4 35. a5 Kf6 36. Be4 Ke6 37. c4 Bc7 38. Nc3 1/2-1/2

[Event "16MCR_F"]
[Site "?"]
[Date "2004.??.??"]
[Round "?"]
[White "Trexler, Evzen"]
[Black "Mezera, Lukas"]
[Result "1/2-1/2"]
[WhiteElo "2400"]
[BlackElo "2260"]
[PlyCount "106"]
[EventDate "2004.04.27"]
[EventType "corr"]
[EventRounds "1"]
[SourceDate "2004.04.27"]

1. e4 c5 2. Nf3 d6 3. d4 cxd4 4. Nxd4 Nf6 5. Nc3 g6 6. Be3 Bg7 7. f3 O-O 8. Qd2
Nc6 9. g4 Be6 10. O-O-O Nxd4 11. Bxd4 Qa5 12. a3 Rfc8 13. h4 Rab8 14. Nd5 Qxd2+
15. Rxd2 Nxd5 16. exd5 Bxd5 17. Bxg7 Bxf3 18. Rh3 Bxg4 19. Bd4 Bxh3 20. Bxh3 a6
21. Ba7 Ra8 22. Bxc8 Rxc8 23. Rd4 f5 24. Rb4 Rc7 25. Bb6 Rd7 26. Rc4 h6 27. Kd2
g5 28. h5 Kg7 29. Rc7 Rxc7 30. Bxc7 Kf6 31. c4 f4 32. Bd8 g4 33. Kd3 g3 34. Ke2
Ke6 35. Kf3 Kd7 36. Ba5 e5 37. b3 Ke6 38. Kg4 Ke7 39. Bb6 Ke6 40. a4 Ke7 41. b4
Kd7 42. b5 Ke6 43. Bd8 Kd7 44. Bh4 Ke6 45. Bd8 Kd7 46. Ba5 Ke7 47. Bc7 Kd7 48.
Ba5 Ke7 49. Bc7 Kd7 50. Bb6 Kc8 51. Kh3 Kd7 52. Kg2 Kc8 53. Kf3 Kd7 1/2-1/2

[Event "16MCR_F"]
[Site "?"]
[Date "2004.??.??"]
[Round "?"]
[White "Straka, Zdenek"]
[Black "Viktora, Zdenek"]
[Result "1-0"]
[WhiteElo "2395"]
[BlackElo "2285"]
[PlyCount "67"]
[EventDate "2004.04.27"]
[EventType "corr"]
[EventRounds "1"]
[SourceDate "2004.04.27"]

1. Nf3 d5 2. d4 Bf5 3. c4 dxc4 4. Nc3 Nf6 5. e3 Nbd7 6. Bxc4 e6 7. O-O c6 8.
Qe2 Ne4 9. Nd2 Nxd2 10. Bxd2 Bg6 11. e4 Qh4 12. d5 Bh5 13. f3 Bd6 14. g3 Qe7
15. dxc6 bxc6 16. g4 Bg6 17. f4 Bc5+ 18. Kh1 h5 19. g5 h4 20. Qd1 Rd8 21. Qc2
Nb6 22. Be2 Bh7 23. Rf3 f6 24. f5 fxg5 25. Qc1 Bd4 26. Bxg5 Bf6 27. Bxf6 Qxf6
28. fxe6 Qxe6 29. Qf4 Qe7 30. Raf1 Bg6 31. e5 Rd7 32. e6 Rd6 33. Rg1 Rxe6 34.
Rxg6 1-0

[Event "16MCR_F"]
[Site "?"]
[Date "2004.??.??"]
[Round "?"]
[White "Masek, Jan"]
[Black "Canibal, Jaromir"]
[Result "1-0"]
[WhiteElo "2365"]
[BlackElo "2300"]
[PlyCount "113"]
[EventDate "2004.04.27"]
[EventType "corr"]
[EventRounds "1"]
[SourceDate "2004.04.27"]

1. e4 e5 2. Nf3 Nc6 3. d4 exd4 4. Nxd4 Bc5 5. Nxc6 Qf6 6. Qd2 Qxc6 7. Bd3 Ne7
8. O-O O-O 9. b4 Bd4 10. c3 Bf6 11. Qe2 Qe6 12. f4 d6 13. Be3 Qg4 14. Qc2 Ng6
15. Be2 Qh4 16. Nd2 Re8 17. g3 Qh6 18. Nc4 Nf8 19. Rad1 b6 20. Rd5 Qh3 21. Rh5
Qd7 22. Bd4 Be7 23. Ne3 c5 24. bxc5 bxc5 25. Bxg7 Kxg7 26. Nf5+ Kh8 27. Nh6 f6
28. f5 Bd8 29. Qb3 d5 30. Bb5 c4 31. Qa4 Bb6+ 32. Kg2 Qe7 33. Bxe8 Bb7 34. Bf7
Qxe4+ 35. Kh3 d4 36. Rf2 d3 37. Rh4 Qe3 38. Rhf4 Bc7 39. Qxc4 Bxf4 40. Rxf4 Qe2
41. Bd5 Ng6 42. Rf3 Ne5 43. Qh4 Kg7 44. Ng4 Nxg4 45. Qxg4+ Kh8 46. Qd4 Bxd5 47.
Qxd5 Re8 48. Qxd3 Qxa2 49. c4 Re2 50. Qd8+ Kg7 51. Qc7+ Kf8 52. g4 Qa1 53. Qd6+
Kf7 54. Qd7+ Kf8 55. Qd3 Qe5 56. Rg3 Kg7 57. Qd7+ 1-0

[Event "16MCR_F"]
[Site "?"]
[Date "2004.??.??"]
[Round "?"]
[White "Krouzel, Jaroslav"]
[Black "Priesol, Daniel"]
[Result "1/2-1/2"]
[WhiteElo "2360"]
[BlackElo "2305"]
[PlyCount "34"]
[EventDate "2004.04.27"]
[EventType "corr"]
[EventRounds "1"]
[SourceDate "2004.04.27"]

1. d4 Nf6 2. c4 e6 3. g3 c5 4. d5 exd5 5. cxd5 d6 6. Nc3 g6 7. Bg2 Bg7 8. Nf3
O-O 9. O-O Nbd7 10. Bf4 Qe7 11. h3 Nh5 12. Bg5 f6 13. Bd2 f5 14. Qc2 Nb6 15.
Rad1 Bd7 16. Rfe1 Rae8 17. Bg5 Bf6 1/2-1/2

[Event "16MCR_F"]
[Site "?"]
[Date "2004.??.??"]
[Round "?"]
[White "Stalmach, Kamil"]
[Black "Zidu, Jan"]
[Result "1/2-1/2"]
[WhiteElo "2360"]
[BlackElo "2310"]
[PlyCount "33"]
[EventDate "2004.04.27"]
[EventType "corr"]
[EventRounds "1"]
[SourceDate "2004.04.27"]

1. e4 c5 2. Nf3 d6 3. d4 cxd4 4. Nxd4 Nf6 5. Nc3 a6 6. Be3 Ng4 7. Bg5 h6 8. Bh4
g5 9. Bg3 Bg7 10. h3 Nf6 11. Bc4 Qb6 12. O-O O-O 13. Nb3 Nc6 14. Kh1 Ne5 15.
Be2 Be6 16. Rb1 Bxb3 17. axb3 1/2-1/2

[Event "16MCR_F"]
[Site "?"]
[Date "2004.??.??"]
[Round "?"]
[White "Makovsky, Petr"]
[Black "Styblo, Pavel"]
[Result "1-0"]
[WhiteElo "2325"]
[BlackElo "2320"]
[PlyCount "93"]
[EventDate "2004.04.27"]
[EventType "corr"]
[EventRounds "1"]
[SourceDate "2004.04.27"]

1. e4 c5 2. Nf3 d6 3. d4 cxd4 4. Nxd4 Nf6 5. Nc3 a6 6. Be3 e5 7. Nb3 Be6 8. f3
Nbd7 9. g4 b5 10. g5 b4 11. Ne2 Nh5 12. Qd2 a5 13. Ng3 Nxg3 14. hxg3 a4 15. Nc1
Qa5 16. f4 exf4 17. gxf4 d5 18. f5 Ne5 19. Qf2 Ng4 20. Qf4 Nxe3 21. fxe6 Nxc2+
22. Kd1 fxe6 23. Kxc2 Rc8+ 24. Kd1 Qc5 25. Qe5 Qc2+ 26. Ke1 Qxe4+ 27. Qxe4 dxe4
28. Rh4 Be7 29. Rxe4 a3 30. bxa3 bxa3 31. Bc4 Bxg5 32. Rb1 Rc7 33. Rb8+ Bd8 34.
Ra8 O-O 35. Rxa3 g5 36. Ne2 h5 37. Ra4 Bf6 38. Rxe6 Kg7 39. Ng3 h4 40. Nh5+ Kg6
41. Be2 Re7 42. Raa6 Rxe6 43. Rxe6 Kf5 44. Rxf6+ Rxf6 45. Nxf6 Kxf6 46. Kf2 Ke5
47. Kf3 1-0

[Event "16MCR_F"]
[Site "?"]
[Date "2004.??.??"]
[Round "?"]
[White "Zidu, Jan"]
[Black "Makovsky, Petr"]
[Result "1/2-1/2"]
[WhiteElo "2310"]
[BlackElo "2325"]
[PlyCount "63"]
[EventDate "2004.04.27"]
[EventType "corr"]
[EventRounds "1"]
[SourceDate "2004.04.27"]

1. e4 e5 2. Nf3 Nc6 3. Bb5 a6 4. Ba4 Nf6 5. O-O Be7 6. Re1 b5 7. Bb3 O-O 8. c3
d6 9. h3 Bb7 10. d4 Re8 11. Ng5 Rf8 12. Nf3 Re8 13. Nbd2 Bf8 14. d5 Nb8 15. Nf1
Nbd7 16. Ng3 Nc5 17. Bc2 c6 18. b4 Ncd7 19. dxc6 Bxc6 20. Bb3 h6 21. Nh2 a5 22.
a3 Bb7 23. Qe2 d5 24. Rd1 axb4 25. cxb4 Bxb4 26. Bxd5 Nxd5 27. exd5 Bf8 28.
Qxb5 Ba6 29. Qb1 Nf6 30. Ne4 Nxe4 31. Qxe4 Qd7 32. Qg4 1/2-1/2

[Event "16MCR_F"]
[Site "?"]
[Date "2004.??.??"]
[Round "?"]
[White "Priesol, Daniel"]
[Black "Stalmach, Kamil"]
[Result "1/2-1/2"]
[WhiteElo "2305"]
[BlackElo "2360"]
[PlyCount "37"]
[EventDate "2004.04.27"]
[EventType "corr"]
[EventRounds "1"]
[SourceDate "2004.04.27"]

1. e4 c5 2. Nf3 Nc6 3. d4 cxd4 4. Nxd4 Nf6 5. Nc3 e5 6. Ndb5 d6 7. Nd5 Nxd5 8.
exd5 Nb8 9. Be3 a6 10. Na3 Nd7 11. Qd2 Be7 12. Nc4 O-O 13. a4 f5 14. g3 b6 15.
Be2 Bb7 16. O-O g5 17. f4 gxf4 18. gxf4 Kh8 19. Kh1 1/2-1/2

[Event "16MCR_F"]
[Site "?"]
[Date "2004.??.??"]
[Round "?"]
[White "Canibal, Jaromir"]
[Black "Krouzel, Jaroslav"]
[Result "1/2-1/2"]
[WhiteElo "2300"]
[BlackElo "2360"]
[PlyCount "73"]
[EventDate "2004.04.27"]
[EventType "corr"]
[EventRounds "1"]
[SourceDate "2004.04.27"]

1. d4 f5 2. g3 Nf6 3. Bg2 g6 4. b3 Bg7 5. Bb2 O-O 6. Nd2 d6 7. Ngf3 Nc6 8. O-O
Qe8 9. Nc4 e6 10. a4 Bd7 11. a5 Rd8 12. Ne3 f4 13. Nc4 Bh6 14. e3 fxg3 15. hxg3
g5 16. Nh2 Qg6 17. Qe2 Rde8 18. Rad1 Rf7 19. Qd3 Qh5 20. f3 Bg7 21. e4 e5 22.
dxe5 Nxe5 23. Nxe5 dxe5 24. Qe3 b6 25. Bc1 h6 26. Qe2 Qg6 27. Be3 Bc8 28. Qb5
h5 29. Rd2 Kh7 30. Qc4 h4 31. g4 Ref8 32. Rfd1 Ng8 33. Rd8 Be6 34. Qc3 Qf6 35.
Rxf8 Bxf8 36. Bf1 Ne7 37. Bc4 1/2-1/2

[Event "16MCR_F"]
[Site "?"]
[Date "2004.??.??"]
[Round "?"]
[White "Viktora, Zdenek"]
[Black "Masek, Jan"]
[Result "1-0"]
[WhiteElo "2285"]
[BlackElo "2365"]
[PlyCount "111"]
[EventDate "2004.04.27"]
[EventType "corr"]
[EventRounds "1"]
[SourceDate "2004.04.27"]

1. e4 e5 2. Nf3 Nc6 3. Bb5 a6 4. Ba4 Nf6 5. O-O Be7 6. Re1 b5 7. Bb3 O-O 8. d4
Nxd4 9. Bxf7+ Rxf7 10. Nxe5 Rf8 11. Qxd4 c5 12. Qd1 Bb7 13. Nc3 Qe8 14. a3 d6
15. Nd3 Rd8 16. f3 Nh5 17. Be3 Qg6 18. Kh1 Bh4 19. Re2 Rde8 20. Nf2 Nf4 21.
Bxf4 Rxf4 22. Qd2 Rf6 23. Ng4 Rfe6 24. Nd5 Bg5 25. Qd3 c4 26. Qd4 Qf7 27. Rae1
h5 28. Nge3 Re5 29. Nc3 Bxe3 30. Rxe3 R8e6 31. Kg1 h4 32. h3 Rg6 33. Kh1 Kh7
34. R3e2 Qf4 35. Rd1 Reg5 36. Rf2 Re5 37. Rfd2 Reg5 38. Rg1 Re5 39. Qf2 Reg5
40. Rd4 Kg8 41. Ne2 Qf6 42. Qe3 Qe7 43. Qd2 Rh6 44. a4 Kh7 45. Rd1 Rgg6 46. b3
cxb3 47. cxb3 bxa4 48. bxa4 Rf6 49. Qc2 Kg8 50. Rb1 a5 51. Rb5 Rf7 52. Rxa5 Qd8
53. Qd2 Qc7 54. Rg5 Qe7 55. Rb4 Bc8 56. a5 1-0

[Event "16MCR_F"]
[Site "?"]
[Date "2004.??.??"]
[Round "?"]
[White "Mezera, Lukas"]
[Black "Straka, Zdenek"]
[Result "1/2-1/2"]
[WhiteElo "2260"]
[BlackElo "2395"]
[PlyCount "47"]
[EventDate "2004.04.27"]
[EventType "corr"]
[EventRounds "1"]
[SourceDate "2004.04.27"]

1. Nf3 Nf6 2. d4 e6 3. c4 c5 4. Nc3 cxd4 5. Nxd4 Bb4 6. g3 O-O 7. Bg2 d5 8.
cxd5 Nxd5 9. Bd2 Bxc3 10. bxc3 e5 11. Nb5 Nc6 12. O-O Be6 13. Bc1 a6 14. c4 Nb6
15. Nd6 Nxc4 16. Nxb7 Qd4 17. Bg5 Rac8 18. Qa4 h6 19. Rfd1 Qa7 20. Bxc6 hxg5
21. Nd6 Nxd6 22. Rxd6 Rfd8 23. Rxd8+ Rxd8 24. Rb1 1/2-1/2

[Event "16MCR_F"]
[Site "?"]
[Date "2004.??.??"]
[Round "?"]
[White "Pospisil, Ludvik"]
[Black "Trexler, Evzen"]
[Result "0-1"]
[WhiteElo "2445"]
[BlackElo "2400"]
[PlyCount "60"]
[EventDate "2004.04.27"]
[EventType "corr"]
[EventRounds "1"]
[SourceDate "2004.04.27"]

1. e4 e5 2. f4 exf4 3. Bc4 Nf6 4. Nc3 c6 5. Bb3 d5 6. exd5 Nxd5 7. Nxd5 cxd5 8.
Nf3 Nc6 9. O-O Be6 10. d4 Bd6 11. c3 h6 12. Re1 O-O 13. Qd3 Re8 14. Bd2 Qf6 15.
Bc2 g6 16. Qf1 a6 17. Ba4 g5 18. Re2 Bf5 19. Rxe8+ Rxe8 20. Bxc6 bxc6 21. Qxa6
g4 22. Ne5 f3 23. Bf4 Rb8 24. Qf1 Rxb2 25. gxf3 Qg7 26. Bg3 gxf3 27. Qxf3 Be4
28. Qxf7+ Qxf7 29. Nxf7 Rg2+ 30. Kf1 Bxg3 0-1

[Event "16MCR_F"]
[Site "?"]
[Date "2004.??.??"]
[Round "?"]
[White "Boukal, Petr"]
[Black "Hala, Martin"]
[Result "1/2-1/2"]
[WhiteElo "2435"]
[BlackElo "2410"]
[PlyCount "103"]
[EventDate "2004.04.27"]
[EventType "corr"]
[EventRounds "1"]
[SourceDate "2004.04.27"]

1. e4 e5 2. Bc4 Nf6 3. d3 Nc6 4. Nc3 Na5 5. Qf3 Nxc4 6. dxc4 d6 7. h3 Be6 8. b3
a6 9. Nge2 c6 10. a4 Be7 11. O-O O-O 12. Ng3 Qa5 13. Bg5 h6 14. Bxf6 Bxf6 15.
Rad1 Be7 16. Nf5 Qc7 17. Qg3 Bxf5 18. exf5 Rfd8 19. Rd3 Qc8 20. Qg4 b5 21. Rg3
Bf6 22. Ne4 Kf8 23. Nxf6 gxf6 24. Qh5 bxc4 25. bxc4 Rb8 26. c3 Ke7 27. Rg7 Rf8
28. c5 d5 29. Rh7 Rb2 30. Rxh6 e4 31. h4 Rg8 32. Rh7 Rf8 33. Rh6 Rg8 34. g4 Qb8
35. g5 Qe5 36. Qg4 Kd8 37. g6 e3 38. Qg3 e2 39. Re1 Qxf5 40. Kh2 fxg6 41. Qd6+
Qd7 42. Qxf6+ Qe7 43. Qxc6 Qc7+ 44. Qxc7+ Kxc7 45. f3 Kc6 46. h5 Kxc5 47. Rxg6
Rxg6 48. hxg6 Rb6 49. Rxe2 Rxg6 50. f4 Kc4 51. Re3 a5 52. f5 1/2-1/2

[Event "16MCR_F"]
[Site "?"]
[Date "2004.??.??"]
[Round "?"]
[White "Hybl, Jaroslav"]
[Black "Dotlacil, Ladislav"]
[Result "1/2-1/2"]
[WhiteElo "2430"]
[BlackElo "2410"]
[PlyCount "52"]
[EventDate "2004.04.27"]
[EventType "corr"]
[EventRounds "1"]
[SourceDate "2004.04.27"]

1. d4 Nf6 2. c4 d6 3. Nc3 e5 4. Nf3 Nbd7 5. e4 c6 6. Be2 Be7 7. O-O O-O 8. Rb1
Qc7 9. d5 Nc5 10. Nd2 a5 11. b3 Bd7 12. Bb2 Rfc8 13. a3 g6 14. b4 axb4 15. axb4
Na6 16. b5 Nc5 17. f4 exf4 18. Rxf4 Ne8 19. Qf1 Qd8 20. Qf2 Bg5 21. Rxf7 Bf6
22. dxc6 bxc6 23. Nd5 Kxf7 24. Nxf6 Nxf6 25. Rf1 Kg8 26. Bxf6 Qe8 1/2-1/2

[Event "16MCR_F"]
[Site "?"]
[Date "2004.??.??"]
[Round "?"]
[White "Hala, Martin"]
[Black "Hybl, Jaroslav"]
[Result "0-1"]
[WhiteElo "2410"]
[BlackElo "2430"]
[PlyCount "88"]
[EventDate "2004.04.27"]
[EventType "corr"]
[EventRounds "1"]
[SourceDate "2004.04.27"]

1. e4 c5 2. Nf3 d6 3. d4 cxd4 4. Nxd4 Nf6 5. Nc3 a6 6. Bg5 e6 7. f4 Qb6 8. Qd2
Qxb2 9. Nb3 Qa3 10. Bxf6 gxf6 11. Be2 Nc6 12. O-O Bd7 13. Nd1 Qb4 14. Qe3 Qa3
15. Qd2 Qb4 16. Qe3 Qa3 17. Qg3 Na5 18. Ne3 Nxb3 19. axb3 Qc5 20. Kh1 Bc6 21.
Bd3 h5 22. Qe1 h4 23. Nd5 Rc8 24. Nxf6+ Kd8 25. h3 Bg7 26. Ra5 Qb6 27. Nh5 Bd4
28. Qxh4+ f6 29. Ra2 Be8 30. g4 Rc5 31. Kh2 Kc7 32. Bc4 Bxh5 33. c3 Bxc3 34.
Qg3 d5 35. gxh5 dxc4 36. Qg7+ Kb8 37. Qxh8+ Rc8 38. Qg7 cxb3 39. Re2 Qb5 40.
Qg4 a5 41. h6 Rh8 42. Rg1 b2 43. h7 Rxh7 44. Reg2 Rh8 0-1

[Event "16MCR_F"]
[Site "?"]
[Date "2004.??.??"]
[Round "?"]
[White "Trexler, Evzen"]
[Black "Boukal, Petr"]
[Result "1/2-1/2"]
[WhiteElo "2400"]
[BlackElo "2435"]
[PlyCount "92"]
[EventDate "2004.04.27"]
[EventType "corr"]
[EventRounds "1"]
[SourceDate "2004.04.27"]

1. e4 e6 2. d4 d5 3. Nd2 Be7 4. c3 c5 5. dxc5 Bxc5 6. Nb3 Bb6 7. exd5 exd5 8.
Nf3 Nc6 9. Bd3 Nf6 10. O-O O-O 11. Bg5 h6 12. Bh4 g5 13. Bg3 Ne4 14. Nfd4 f5
15. Nxc6 bxc6 16. Be5 Bb7 17. Nd4 Qe7 18. f4 gxf4 19. Bxf4 c5 20. Nxf5 c4+ 21.
Kh1 Rxf5 22. Qg4+ Qg7 23. Qxf5 cxd3 24. Be5 Bc8 25. Qf4 Be3 26. Qxe3 Qxe5 27.
Qxd3 Rb8 28. b3 Rb6 29. Rac1 Rg6 30. Kg1 Be6 31. Rc2 Qd6 32. Qd4 Qb6 33. Qxb6
axb6 34. c4 dxc4 35. bxc4 Nc5 36. Rf4 Bf7 37. Rcf2 Be6 38. Rd2 Bf7 39. Rdf2 Be6
40. Rd4 Bf7 41. Kf1 Rc6 42. Ke1 Be6 43. Kd2 Rc7 44. Re2 Kg7 45. Re3 Ra7 46. a3
Kf7 1/2-1/2

[Event "16MCR_F"]
[Site "?"]
[Date "2004.??.??"]
[Round "?"]
[White "Straka, Zdenek"]
[Black "Pospisil, Ludvik"]
[Result "1/2-1/2"]
[WhiteElo "2395"]
[BlackElo "2445"]
[PlyCount "60"]
[EventDate "2004.04.27"]
[EventType "corr"]
[EventRounds "1"]
[SourceDate "2004.04.27"]

1. e4 e5 2. Nf3 d6 3. d4 exd4 4. Nxd4 Nf6 5. Nc3 Be7 6. Be2 O-O 7. O-O c5 8.
Nb3 Nc6 9. Bf4 Be6 10. Re1 Re8 11. Nd5 Nxe4 12. Bc4 Ng5 13. Nxe7+ Qxe7 14. Qd2
h6 15. h4 d5 16. Bxd5 Rad8 17. hxg5 Rxd5 18. Qxd5 Bxd5 19. Rxe7 Rxe7 20. gxh6
c4 21. Nc5 Nd4 22. Kh2 b6 23. Bd6 Re2 24. Rd1 bxc5 25. Bxc5 Rxf2 26. Bxd4 Rxg2+
27. Kh3 gxh6 28. Bxa7 Bf3 29. Rg1 Rxg1 30. Bxg1 Bd1 1/2-1/2

[Event "16MCR_F"]
[Site "?"]
[Date "2004.??.??"]
[Round "?"]
[White "Masek, Jan"]
[Black "Mezera, Lukas"]
[Result "1-0"]
[WhiteElo "2365"]
[BlackElo "2260"]
[PlyCount "45"]
[EventDate "2004.04.27"]
[EventType "corr"]
[EventRounds "1"]
[SourceDate "2004.04.27"]

1. e4 c5 2. c3 d5 3. exd5 Qxd5 4. d4 Nf6 5. Nf3 Bg4 6. Be2 e6 7. O-O Nc6 8. h3
Bh5 9. Be3 cxd4 10. cxd4 Bb4 11. Nc3 Qd6 12. Nb5 Qb8 13. Qb3 O-O 14. Nc3 Rd8
15. Rfd1 Qd6 16. Rac1 Rac8 17. a3 Bxc3 18. bxc3 Nd5 19. c4 Na5 20. Qb2 Nf4 21.
Bxf4 Qxf4 22. Qb5 Qc7 23. Qxh5 1-0

[Event "16MCR_F"]
[Site "?"]
[Date "2004.??.??"]
[Round "?"]
[White "Krouzel, Jaroslav"]
[Black "Viktora, Zdenek"]
[Result "1/2-1/2"]
[WhiteElo "2360"]
[BlackElo "2285"]
[PlyCount "72"]
[EventDate "2004.04.27"]
[EventType "corr"]
[EventRounds "1"]
[SourceDate "2004.04.27"]

1. d4 d5 2. c4 dxc4 3. Nf3 c6 4. e3 Be6 5. a4 Nf6 6. Nc3 Nbd7 7. Ng5 Bf5 8.
Bxc4 e6 9. O-O h6 10. Nf3 Bb4 11. Qe2 Bg4 12. h3 Bh5 13. Bd3 O-O 14. g4 Bg6 15.
Bxg6 fxg6 16. Qc4 Qe7 17. Nh4 Kh7 18. f4 Nd5 19. Nf3 a5 20. Bd2 Rac8 21. Rae1
N5b6 22. Qd3 Rce8 23. b3 Nd5 24. Ne4 Rd8 25. Bxb4 Nxb4 26. Qc4 Rb8 27. g5 Rbc8
28. Rc1 Nd5 29. Qd3 Nb4 30. Qd2 b6 31. Kh2 c5 32. Rg1 h5 33. Rgd1 Rfd8 34. Rc4
cxd4 35. Rxc8 Rxc8 36. Qxd4 Nd5 1/2-1/2

[Event "16MCR_F"]
[Site "?"]
[Date "2004.??.??"]
[Round "?"]
[White "Stalmach, Kamil"]
[Black "Canibal, Jaromir"]
[Result "1-0"]
[WhiteElo "2360"]
[BlackElo "2300"]
[PlyCount "81"]
[EventDate "2004.04.27"]
[EventType "corr"]
[EventRounds "1"]
[SourceDate "2004.04.27"]

1. e4 e5 2. Nf3 Nc6 3. d4 exd4 4. Nxd4 Bc5 5. Nxc6 Qf6 6. Qd2 Qxc6 7. Bd3 Ne7
8. O-O O-O 9. b4 Bd4 10. c3 Bf6 11. Qe2 Qe6 12. f4 d6 13. Be3 Qg4 14. Qc2 Ng6
15. Na3 a6 16. Nc4 Be6 17. Rf3 Bxc4 18. Bxc4 Rad8 19. Bd3 Qd7 20. Bd4 Bxd4+ 21.
cxd4 d5 22. e5 f5 23. a4 Ra8 24. Rff1 c6 25. g3 Ne7 26. Qc5 Qe6 27. Rfb1 Rfd8
28. Qb6 Qd7 29. b5 axb5 30. axb5 Rf8 31. Ra7 Rfb8 32. Qa5 Rxa7 33. Qxa7 Qc8 34.
Qc5 Kf7 35. Qd6 Ra8 36. bxc6 Qxc6 37. e6+ Kf8 38. Qe5 Kg8 39. Bxf5 Qc4 40. Rd1
b5 41. Rb1 1-0